000 00454nam a2200157Ia 4500
003 GCL
008 140319s9999 xx 000 0 eng d
040 _aGCL /
_cGCL
082 0 4 _a658.562
_bS T
100 1 _aSTIEN,ROBERT E
245 1 0 _aTHE NEXT PHASE OF TOTAL QUAILTY MANGEMENT: TOM II AND THE FOCUS ON PREFIBILITY /
_cSTIEN,ROBERT E
260 _a[S.N] :
_bMARCEL DEKKER, INC ،
_c1993
300 _a232 P
650 0 4 _aMANAGEMENT
942 _2ddc
_cBK
999 _c17171
_d17171